La obra poética de Manuel Reina / (Record no. 20369)

MARC details
000 -LEADER
campo de control de longitud fija 00553nam a2200181 i 4500
001 - NÚMERO DE CONTROL
campo de control 20369
003 - IDENTIFICADOR DE NÚMERO DE CONTROL
campo de control ES-MaACL
005 - FECHA Y HORA DE LA ÚLTIMA TRANSACCIÓN
campo de control 20230906152303.0
007 - CAMPO FIJO DE DESCRIPCIÓN FÍSICA--INFORMACIÓN GENERAL
campo de control de longitud fija t|
008 - DATOS DE LONGITUD FIJA--INFORMACIÓN GENERAL
campo de control de longitud fija 021112s1968 sp f |||| | spa d
100 1# - ENTRADA PRINCIPAL--NOMBRE DE PERSONA
Nombre de persona Aguilar Piñal, Francisco.
9 (RLIN) 18744
245 13 - MENCIÓN DEL TÍTULO
Título La obra poética de Manuel Reina /
Mención de responsabilidad, etc. Francisco Aguilar Piñal.
260 ## - PUBLICACIÓN, DISTRIBUCIÓN, ETC.
Lugar de publicación, distribución, etc. Madrid :
Nombre del editor, distribuidor, etc. Editora Nacional,
Fecha de publicación, distribución, etc. 1968.
300 ## - DESCRIPCIÓN FÍSICA
Extensión 158 p., 1 lám. ;
Dimensiones 25 cm.
600 14 - PUNTO DE ACCESO ADICIONAL DE MATERIA--NOMBRE DE PERSONA
Nombre de persona Reina, Manuel (
Fechas asociadas al nombre 1856-1905)
9 (RLIN) 165126
700 1# - ENTRADA AGREGADA--NOMBRE PERSONAL
Nombre de persona Reina, Manuel (
Fechas asociadas al nombre 1856-1905)
9 (RLIN) 165126
852 ## - LOCALIZACIÓN
Ubicación ES-MaACL
Número de control de estantería G-5445
Holdings
Estatus retirado Estado de pérdida Estado de daño No para préstamo Biblioteca de origen Biblioteca actual Ubicación en estantería Fecha de adquisición Fuente de adquisición Total de préstamos Signatura topográfica completa Código de barras Visto por última vez Precio de reemplazo Tipo de ítem Koha
        Biblioteca del Ateneo de Madrid Biblioteca del Ateneo de Madrid Depósito 2 17/01/2008     G-5445 1020889 23/02/2023 23/02/2023 Libro impreso